=LDR 00000nam 2200000 4500 =001 INLIS000000000062136 =005 20230530080552 =035 ##$$a 0010-0523000076 =007 ta =008 230530###########################0###### =082 ##$$a 912,598 625 =084 ##$$a 912,598 625 DOM d =245 1#$$a Dompu Regency West Nusa Tenggara =260 ##$$a Dompu :$b Departement Of Tourism, Art and Culture Dompu Regency,$c 2007 =300 ##$: $b ilus ; $c 20 cm$e Lain-lain =650 #4$$a Dompu - Wisata =110 ##$$a Dompu Pemerintah Kab =990 ##$$a 02970297 =990 ##$$a 462/42/2013